000
00294nam a2200133Ia 4500
008
221030s9999 xx 000 0 und d
041
_a
English
082
_a
105.23
100
_a
K L James
245
4
_a
The Internet- A USER Guide
_c
by K L James
260
_c
0
650
_a
Mc
942
_c
BK
999
_c
11531
_d
11531